000 00409cam a22001457a 4500
008 180718b xxu||||| |||| 00| 0 eng d
082 _aZ211 K897
100 _aKrishnamurthy, K.H.
245 _aIsabgol, gokhru and brahmi
_cby K.H. Krishnamurthy
260 _aDelhi
_bBooks For All
_c
300 _a91p.
440 _aHealth series: traditional family medicine
650 _aMedicine
650 _aFamily medicine
999 _c400437
_d400437